Alegato presentado ante el Juez de primera instancia por parte de los herederos de Doña Francisca de Paula Urriola en la causa que siguen con Don Juan Nepomuceno Iñiguez, sobre nulidad, o, en subsidio, rescisión de una venta
Furkejuvvon:
| Váldodahkki: | |
|---|---|
| Eará dahkkit: | |
| Materiálatiipa: | Girji |
| Giella: | espánnjágiella |
| Almmustuhtton: |
Santiago
Imprenta del Ferrocarril, calle de los Teatinos, 34
1857
|
| Preanttus: | 1a. ed |
| Fáttát: | |
| Fáddágilkorat: |
Lasit fáddágilkoriid
Eai fáddágilkorat, Lasit vuosttaš fáddágilkora!
|
MARC
| LEADER | 00000nam a2200000 a 4500 | ||
|---|---|---|---|
| 001 | UCJ8099 | ||
| 003 | CL-VaPUC | ||
| 005 | 20221223093817.0 | ||
| 008 | 070124e18570000CL |||||||||||||||||spa|d | ||
| 999 | |c 323914 |d 323912 | ||
| 040 | |c Pontificia Universidad Católica de Valparaíso | ||
| 082 | 0 | 4 | |a 346 |b OVA |2 21 |
| 100 | |a Ovalle, Manuel |e autor |9 516781 | ||
| 245 | 1 | 0 | |a Alegato presentado ante el Juez de primera instancia por parte de los herederos de Doña Francisca de Paula Urriola en la causa que siguen con Don Juan Nepomuceno Iñiguez, sobre nulidad, o, en subsidio, rescisión de una venta |
| 250 | |a 1a. ed | ||
| 260 | |a Santiago |b Imprenta del Ferrocarril, calle de los Teatinos, 34 |c 1857 | ||
| 300 | |a 115 p | ||
| 583 | |a last modification |c 20070124 00:00:00 |k Rodrigo Vera | ||
| 650 | 7 | |a JUICIOS CIVILES, CASOS |2 CL-VaPUC |9 516782 | |
| 700 | |a Martínez Cuadros, Marcial |e autor |9 863206 | ||
| 942 | |c BK |2 ddc | ||
| 945 | |d 20070124 00:00:00 |a rinostro | ||
| 952 | |0 0 |1 0 |4 0 |6 346_000000000000000_OVA_1857 |7 0 |8 X |9 403772 |a FDOBUD |b FDOBUD |d 2019-11-22 |i 1072943 |o 346 OVA 1857 |p 1072943 |r 2019-11-22 |w 2019-11-22 |y BK_X |k BUD | ||